Movie by Vintage Lunchbox Quiz Stats

 Plays Quiz Updated Oct 12, 2012

Challenge
Share
Tweet
Score 0/20 Timer 05:00
6 Plays Today
Movie % Correct
Jaws
99.1%
E.T.
98.7%
Mary Poppins
97.6%
The Jungle Book
97.3%
The Empire Strikes Back
96.7%
King Kong
96%
Temple of Doom
91.7%
Annie
88.9%
Planet of the Apes
87%
The Fox and the Hound
85.5%
Movie % Correct
Rambo
83.5%
Gremlins
82.1%
Superman
68.1%
Yellow Submarine
64.6%
Robin Hood
59.7%
The Rescuers
55.1%
Pinocchio
45.7%
Goldfinger
30.9%
Close Encounters
30%
Clash of the Titans
29.4%

You're not logged in!

Compare scores with friends on all Sporcle quizzes.
OR
Log In

You Might Also Like...

Show Comments

Extras

Top Quizzes Today


Score Distribution

Your Account Isn't Verified!

In order to create a playlist on Sporcle, you need to verify the email address you used during registration. Go to your Sporcle Settings to finish the process.

Report this User

Report this user for behavior that violates our Community Guidelines.

Details: